| 000 | 01281nam a22003137a 4500 | ||
|---|---|---|---|
| 001 | BD-DhSAU 9032 | ||
| 003 | BD-DhSAU | ||
| 005 | 20190102114332.0 | ||
| 008 | 150612b2017 bg a||||r|||| 000 0 eng d | ||
| 040 | _aBD-DhSAU | ||
| 082 |
_222 _a631.4 _bL6131 |
||
| 100 |
_aLiakat , Md. Mukit Bin _4Registration No: 11-04507 |
||
| 245 |
_aStudy on the comparable effect of Urea Super Granule (Usg) and NPK Briquettes on the Growth and Yield of Boro Rice (BRRI Dhan28) / _cLiakat , Md. Mukit Bin _bMs Thesis |
||
| 260 |
_aSher-e- Bangla Agricultural University : _bDepartment of Soil science, _c2017. |
||
| 300 |
_aix , 84 p. : _bill. , _c30 cm. |
||
| 500 | _aMS thesis of Department of Soil Science, Faculty of Agriculture, Sher-e-Bangla Agricultural University, Dhaka, Bangladesh | ||
| 504 | _aIncludes bibliographical references. | ||
| 590 | _aShofi | ||
| 650 | _aSoil Science | ||
| 650 | _aUrea Super Granule | ||
| 650 | _aNPK | ||
| 650 | _aBriquettes | ||
| 650 | _aGrowth and Yield | ||
| 650 | _aBoro Rice (BRRI Dhan28) | ||
| 700 |
_a Shamsuddoha , A. T. M., Md. Asaduzzaman _eSupervisor |
||
| 700 |
_a Paul , Alok Kumar _eCo-Supervisor |
||
| 856 |
_uhttp://archive.saulibrary.edu.bd:8080/xmlui/handle/123456789/2018 _yOnline Access |
||
| 942 |
_2ddc _cTHESIS |
||
| 999 |
_c14503 _d14502 |
||